000 00576nam a22001937a 4500
008 260624b2003 mx ||||| |||| 00| 0 spa d
020 _a970-36-0028-X
040 _bspa
041 _aspa
_hspa
082 0 4 _2CQ / 972.459
_aG65
100 _aGÓMEZ VALDEZ LOMBARDO, LUQUE GUERRERO ANA CELIA, SEVILLA HERNÁNDEZ MARÍA LUISA
245 _aTOLIMÁN
300 _a127 paginas;
_c27.2 CM X 21.5 CM.
336 _2rdacontent
_atexto
_btxt
337 _2rdamedia
_asin mediación
_bn
338 _2rdacarrier
_avolumen
_bnc
650 _2GEOGRAFIA E HISTORIA
942 _2ddc
_cCOLQ
999 _c68665
_d68665